Economic assistance and conflict transformation : (Record no. 43362)

MARC details
000 -LEADER
fixed length control field 00754 a2200193 4500
008 - FIXED-LENGTH DATA ELEMENTS--GENERAL INFORMATION
fixed length control field 140627b xxu||||| |||| 00| 0 eng d
020 ## - INTERNATIONAL STANDARD BOOK NUMBER
International Standard Book Number 9780415594813
050 ## - LIBRARY OF CONGRESS CALL NUMBER
Classification number HC257.N58
Item number B96 2011
100 ## - MAIN ENTRY--PERSONAL NAME
Personal name Byrne, Sean.
245 ## - TITLE STATEMENT
Title Economic assistance and conflict transformation :
Remainder of title peacebuilding in Northern Ireland /
Statement of responsibility, etc by Sean Byrne.ern Ireland
260 ## - PUBLICATION, DISTRIBUTION, ETC. (IMPRINT)
Place of publication, distribution, etc London ;
Name of publisher, distributor, etc Routledge,
Date of publication, distribution, etc c2011
300 ## - PHYSICAL DESCRIPTION
Extent xv, 228 p. :
Other physical details ill. ;
Dimensions 24 cm.
440 ## - SERIES STATEMENT/ADDED ENTRY--TITLE
Title Routledge studies in peace and conflict resolution
500 ## - GENERAL NOTE
General note Includes bibliographical references (p. [208]-220) and index.
650 ## - SUBJECT ADDED ENTRY--TOPICAL TERM
Topical term or geographic name as entry element Economic assistance
Geographic subdivision Northern Ireland.
650 ## - SUBJECT ADDED ENTRY--TOPICAL TERM
Topical term or geographic name as entry element Peace-building
Geographic subdivision Northern Ireland.
650 ## - SUBJECT ADDED ENTRY--TOPICAL TERM
Topical term or geographic name as entry element Ethnic conflict
Geographic subdivision Northern Ireland
942 ## - ADDED ENTRY ELEMENTS (KOHA)
Item type Book
Source of classification or shelving scheme Library of Congress Classification
Holdings
Withdrawn status Lost status Source of classification or shelving scheme Damaged status Not for loan Collection code Home library Current library Shelving location Date acquired Source of acquisition Cost, normal purchase price Total Checkouts Full call number Barcode Date last seen Date last borrowed Copy number Price effective from Koha item type Total Renewals
    Library of Congress Classification     Non-fiction Bishop Okullu Memorial Library (Limuru Campus) Bishop Okullu Memorial Library (Limuru Campus) General Circulation 27/06/2014 Purchase 11289.00 3 HC257.N58 B96 2011 040364 04/03/2025 01/03/2025 1 27/06/2014 Book  
    Library of Congress Classification     Non-fiction Bishop Okullu Memorial Library (Limuru Campus) Bishop Okullu Memorial Library (Limuru Campus) General Circulation 27/06/2014 Purchase 11289.00 1 HC257.N58 B96 2011 040366   16/06/2015 3 27/06/2014 Book  
    Library of Congress Classification     Non-fiction Bishop Okullu Memorial Library (Limuru Campus) Bishop Okullu Memorial Library (Limuru Campus) General Circulation 27/06/2014 Purchase 11289.00   HC257.N58 B96 2011 040367     4 27/06/2014 Book  
    Library of Congress Classification     Non-fiction Nairobi Campus Nairobi Campus General Circulation 27/06/2014 Purchase 11289.00 1 HC257.N58 B96 2011 040365   24/10/2016 2 27/06/2014 Book  
    Library of Congress Classification     Non-fiction Nairobi Campus Nairobi Campus General Circulation 27/06/2014 Purchase 11289.00 3 HC257.N58 B96 2011 040368   02/04/2015 5 27/06/2014 Book 1
    Library of Congress Classification     Non-fiction Nairobi Campus Nairobi Campus General Circulation 27/06/2014 Purchase 11289.00 1 HC257.N58 B96 2011 040369   25/02/2015 6 27/06/2014 Book  
    Library of Congress Classification     Non-fiction Nakuru Campus Nakuru Campus General Circulation 27/06/2014 Purchase 11289.00   HC257.N58 B96 2011 040370     7 27/06/2014 Book  
    Library of Congress Classification     Non-fiction Nakuru Campus Nakuru Campus General Circulation 27/06/2014 Purchase 11289.00   HC257.N58 B96 2011 040371     8 27/06/2014 Book